000 01170nam a22002177a 4500
999 _c60298
_d60298
003 Ge_BSU
005 20230627121746.0
008 230627s1948 ge ||||| |||| 00| 0 geo d
041 _ageo
080 _a821.14 რ-73
100 _aაპოლონიოს როდოსელი
_918997
245 _aარგონავტიკა /
_cაპოლონიოს როდოსელი; ბერძნ. თარგმნა, წინასიტყვ. და განმარტება დაურთო აკ. ურუშაძემ.
264 _aთბილისი :
_b სახელგამი,
_c1948.
300 _a236 გვ. ;
_b21 სმ.
501 _aპარალ. თავფურ. ლათ. ენ. განმარტებანი: გვ. 209-235
504 _aბიბლიოგრ. ტექსტ. შენიშვნ.
653 _aარგონავტიკა
653 _aკოლხეთის ისტორიის ლიტერატურული წყაროები
700 _aურუშაძე, აკ.
_eმთარგმნელი
_916070
942 _2udc
_cBK